书目信息 |
| 题名: |
中国房地产发展报告
|
|
| 作者: | 牛凤瑞 主编 | |
| 分册: | 2 | |
| 出版信息: | 北京 社会科学出版社 2005.5 |
|
| 页数: | 334页 | |
| 开本: | 24cm | |
| 丛书名: | 房地产蓝皮书 | |
| 单 册: | ||
| 中图分类: | F299.233 | |
| 科图分类: | ||
| 主题词: | 房地产业--fang di chan ye--经济发展--研究报告--中国 , 房地产业--fang di chan ye , 经济发展--jing ji fa zhan | |
| 电子资源: | ||
| ISBN: | 7-80190-419-2 | |
| 000 | 01269nam0 2200337 450 | |
| 000 | 01295nam0 2200337 450 | |
| 000 | 01258nam0 2200325 450 | |
| 000 | 01241nam0 2200325 450 | |
| 000 | 01204nam0 2200313 45 | |
| 001 | 012005000000 | |
| 005 | 20050614101010.0 | |
| 010 | @a7-80190-419-2@d45.00CNY | |
| 010 | @a7-900166-45-9@b光盘 | |
| 100 | @a20050614d2005 em y0chiy0121 ea | |
| 101 | 0 | @achi@eeng |
| 102 | @aCN@b110000 | |
| 105 | @ay z 000yy | |
| 200 | 1 | @a中国房地产发展报告@Azhong guo fang di chan fa zhan bao gao@h2@d= The development report of China's real estate@f牛凤瑞主编@zeng |
| 210 | @a北京@c社会科学出版社@d2005.5 | |
| 215 | @a334页@d24cm@e光盘1片 | |
| 225 | 2 | @a房地产蓝皮书@Afang di chan lan pi shu |
| 330 | @a本书收录了2005年中国房地产发展报告,包括:总报告、专题报告、土地篇、金融篇、企业篇、市场管理篇、住房保障篇、区域篇、热点、专题篇等。 | |
| 461 | 0 | @12001 @a房地产蓝皮书 |
| 510 | 1 | @aThe development report of China's real estate@zeng |
| 606 | 0 | @a房地产业@Afang di chan ye@x经济发展@x研究报告@y中国 |
| 606 | 0 | @a房地产业@Afang di chan ye |
| 606 | 0 | @a经济发展@Ajing ji fa zhan |
| 690 | @aF299.233@v4 | |
| 701 | 0 | @a牛凤瑞@Aniu feng rui@4主编 |
| 801 | 0 | @aCN@bSRXX@c20050614 |
| 905 | @a10447@dF299.233@eN704:2 | |
| 中国房地产发展报告.2= The development report of China's real estate/牛凤瑞主编.-北京:社会科学出版社,2005.5 |
| 334页;24cm+光盘1片.-(房地产蓝皮书) |
| ISBN 7-80190-419-2:45.00CNY |
| 本书收录了2005年中国房地产发展报告,包括:总报告、专题报告、土地篇、金融篇、企业篇、市场管理篇、住房保障篇、区域篇、热点、专题篇等。 |
| ● |
| 相关链接 |
|
|
|
正题名:中国房地产发展报告
索取号:F299.233/N704:2
 
预约/预借
| 序号 | 登录号 | 条形码 | 馆藏地/架位号 | 状态 | 备注 |
| 1 | 540914 | 205409146 | 社科库409/409社科库 110排2列5层/ [索取号:F299.233/N704:2] | 在馆 | |
| 2 | 540915 | 205409155 | 社科库409/409社科库 110排2列4层/ [索取号:F299.233/N704:2] | 在馆 |